| 000 | 00464nam a22001217a 4500 | ||
|---|---|---|---|
| 999 |
_c21670 _d21670 |
||
| 008 | 240916b ||||| |||| 00| 0 eng d | ||
| 100 |
_aDimbayao-Genio, Maria Teresa. _eauthor. _961105 |
||
| 245 |
_aTaming one's anger / _cMaria Teresa Dimbayao-Genio. |
||
| 260 |
_aPhilippines; _bPublishers Association of the Philippines, Inc., _cFebruary 2018. |
||
| 300 | _aVolume 66, pages 332-334. | ||
| 700 |
_aDimbayao-Genio, Maria Teresa. _eauthor. _961105 |
||
| 942 |
_2ddc _cPER |
||